MARC details
| 000 -LÍDER |
| campo de controle de tamanho fixo |
01256nac a22003617a 4500 |
| 001 - NÚMERO DE CONTROLE |
| campo de controle |
BR6600020 |
| 003 - IDENTIFICADOR DO NÚMERO DE CONTROLE |
| campo de controle |
BR-BrBNA |
| 005 - DATA E HORÁRIO DA ÚLTIMA TRANSAÇÃO |
| campo de controle |
20240105113306.0 |
| 008 - CAMPO DE DADOS FIXOS--INFORMAÇÃO GERAL |
| campo de controle de tamanho fixo |
230509b bl.|||m| |||| 00| 0 por d |
| 040 ## - FONTE DA CATALOGAÇÃO |
| Instituição da catalogação original |
BR-BrBNA |
| Idioma da catalogação |
por |
| Instituição que transcreveu o registro |
Biblioteca Nacional de Agricultura |
| 072 ## - CÓDIGO DE CATEGORIA DE ASSUNTO |
| Código de Categoria de Assunto |
E70 |
| 090 ## - NÚMERO DE CHAMADA LOCAL |
| Número de chamada |
9410 BR6600020 |
| 110 1# - ENTRADA PRINCIPAL--NOME CORPORATIVO |
| Nome corporativo ou nome da jurisdição |
Ministerio da Agricultura, Rio de Janeiro, GB (Brasil). Servico de Previsao de Safras |
| 9 (RLIN) |
6983 |
| 245 1# - TÍTULO |
| Título |
Safras. Estudo sumario dos sistemas de abastecimento de leite "in natura" as capitais dos estados da Guanabara, Sao Paulo, Minas Gerais, Rio de Janeiro e Espirito Santo [Brasil] |
| 260 3# - PUBLICAÇÃO, DISTRIBUIÇÃO, ETC. |
| Local de publicação, distribuição, etc. |
Rio de Janeiro, gb (Brasil): |
| Data da publicação, distribuição, etc. |
1966. |
| 300 ## - DESCRIÇÃO FÍSICA |
| Extensão |
33 p. |
| 490 ## - TÍTULO DA SÉRIE |
| Título da série |
Publicacao - Ministerio da Agricultura. Servico de Previsao de Safras (Brazil) |
| Número do volume ou designação sequencial da série |
no. 13 |
| ISSN - International Standard Serial Number |
|
| 500 ## - NOTA GERAL |
| Nota geral |
7 GRAPHS; 7 TABLES |
| 650 ## - ASSUNTO--TERMO TÓPICO |
| Cabeçalho tópico ou nome geográfico |
Comercializacao |
| 650 ## - ASSUNTO--TERMO TÓPICO |
| Cabeçalho tópico ou nome geográfico |
Leite |
| 650 ## - ASSUNTO--TERMO TÓPICO |
| Cabeçalho tópico ou nome geográfico |
Abastecimento |
| 650 ## - ASSUNTO--TERMO TÓPICO |
| Cabeçalho tópico ou nome geográfico |
Bacia leiteira |
| 650 ## - ASSUNTO--TERMO TÓPICO |
| Cabeçalho tópico ou nome geográfico |
Producao leiteira |
| 650 ## - ASSUNTO--TERMO TÓPICO |
| Cabeçalho tópico ou nome geográfico |
Laticinio |
| 650 ## - ASSUNTO--TERMO TÓPICO |
| Cabeçalho tópico ou nome geográfico |
Cooperativa de produtores |
| 650 ## - ASSUNTO--TERMO TÓPICO |
| Cabeçalho tópico ou nome geográfico |
Guanabara |
| 650 ## - ASSUNTO--TERMO TÓPICO |
| Cabeçalho tópico ou nome geográfico |
Sao Paulo |
| 650 ## - ASSUNTO--TERMO TÓPICO |
| Cabeçalho tópico ou nome geográfico |
Minas Gerais |
| 650 ## - ASSUNTO--TERMO TÓPICO |
| Cabeçalho tópico ou nome geográfico |
Rio de Janeiro |
| 650 ## - ASSUNTO--TERMO TÓPICO |
| Cabeçalho tópico ou nome geográfico |
Espirito Santo |
| 909 ## - |
| -- |
202312 |
| -- |
Lúcia Elande |
| -- |
55 |
| -- |
Lúcia Elande |
| 942 ## - ELEMENTOS DE ENTRADA ADICIONADOS (KOHA) |
| Fonte da classificação ou esquema de arquivamento na estante |
Classificação AGRIS |
| Ocultar no OPAC |
Não |
| Tipo de material Koha |
Monografia Seriada |